000 00264nam a2200109Ia 4500
008 220204s9999 xx 000 0 und d
082 _a632.9(035)
_bPYE
100 _aPyenson, Louis
245 0 _aPlant health handbook
260 _aWestport
_bAVI
_c1981
942 _cBK
999 _c36856
_d36856